00453pab a2200145 454500008004000000100002600040245010000066260000900166300001300175362001200188650002900200650003500229650001700264773002600281180718b2006 xxu||||| |||| 00| 0 eng d aNambiar, Pavithran G. aReconciliation for better policy: training, work culture and welfare of woman police in Gujarat c2006 ap.54-61. aApr-Jun aPolice - India - Gujarat aWomen police - India - Gujarat aWomen police aIndian Police Journal